| 000 | 00865nam a22003137a 4500 | ||
|---|---|---|---|
| 003 | OSt | ||
| 008 | 150518b xxu||||| |||| 00| 0 eng d | ||
| 100 | 1 | _aMayo, Menachim Max | |
| 041 | _aeng | ||
| 245 | 1 | 0 | _aCilicie : Occupation militaire francaise / |
| 260 |
_aNew York _bMayo, Menachim Max |
||
| 300 | _a0 pages | ||
| 650 | 0 | _aFrance | |
| 650 | 0 | _aOccupation of Cilicia | |
| 650 | 0 | _aTurkey | |
| 650 | 0 | _aCilicia | |
| 650 | 0 | _aPostal History | |
| 650 | 0 | _aPostal Markings | |
| 650 | 0 | _aOccupation Issues | |
| 650 | 0 | _aOverprints and Surcharges | |
| 650 | 0 | _aMilitary and War Issues | |
| 650 | 0 | _aWorld War I, 1914-1918 | |
| 650 | 0 | _aPost World War I | |
| 650 | 0 | _aProduction | |
| 650 | 0 | _aErrors and Varieties Printing | |
| 650 | 0 | _aForgeries and Counterfeits | |
| 650 | 0 | _aCatalogs and Price Lists Military Mail | |
| 650 | 0 | _aCensored Mail | |
| 999 |
_c1509 _d1509 |
||